Обличчям до вікна (Запис № 17543)

000 -Маркер запису
Контрольне поле сталої довжини 01885nam a22002537a 4500
003 - Належність контрольного номера
Контрольне поле Uzh_bibl
008 - Кодовані дані
Контрольне поле сталої довжини 260428b |||||||| |||| 00| 0 ukr d
020 ## - Індекс ISBN
ISBN 5-333-00060-3
Ціна 2.50
040 ## - Джерело каталогіз.
Служба первин.кат. укр.
041 ## - Код мови видання
Код мови оригіналу українська
Код мови тексту українська
080 ## - Індекс УДК
Індекс УДК 821(477)
090 ## - Шифри
Поличний індекс 821(477)
Авторський знак О-18
100 ## - Автор
Автор .
245 ## - Назва
Назва Обличчям до вікна
Відповідальність Упоряд. К.П. Пісоцький; післяслов. І.М. Дзюби
Фізичний носій Текст
260 ## - Вихідні дані
Місце видання Київ
Видавництво Радянський письменник
Дата видання 1989
300 ## - Фізичний опис
Обсяг 583 с.
Тип одиниці В опр.
520 ## - Анотація
Анотація Читачі мають можливість познайомитися з новими творами провідних майстрів сучасної української прози — Олеся Гончара, Анатолія Дімарова, Бориса Харчука і представників молодшого покоління літераторів. Повісті об'єднує не лише час написання — 80-ті роки. Тематичне «розкріпачення», характерне для періоду перебудови, демократизації і гласності, виявилося її художньому осмисленні авторами складних суспільних явищ і процесів.
521 ## - Примітка про цільове призначення
Примітка про цільове призначення Для широкого кола читачів
546 ## - Примітка про мову
Примітка про мову укр.
650 ## - Тематичні рубрики
Основна рубрика Літературно-художнє видання
Хронологічна підрубрика Друга половина ХХ століття (радянський час)
Географічна підрубрика Україна (місто та частково сільська місцевість)
653 ## - Ключові слова
Ключові слова Самотність
-- Життя
-- Вибір
-- Людина
-- Доля
655 ## - Термін індексування — жанр/форма
Жанр/форма Повісті (соціально-психологічна проза)
Типове ділення Повісті
942 ## - ADDED ENTRY ELEMENTS (KOHA)
Джерело класифікації чи схема поличного розташування
Koha item type Книги
Фонди
Статус вилучення Статус втрати/відсутності Джерело класифікації чи схема поличного розташування Статус пошкодження Тип обігу (не для випозичання) Постійне розташування Поточне розташування Розташування у відділі Дата надходження Інвентарний номер Total Checkouts Повний (примірниковий) шифр зберігання Штрих-код Date last seen Дата, для якої чинна ціна заміни Тип одиниці (рівень примірника)
          Публічна бібліотека Публічна бібліотека Абонемент 28/04/2026 36622   821(477) 20321 28/04/2026 28/04/2026 Книги

Працює на АБІС Коха